| 000 | 00695cam a2200205 a 4500 | ||
|---|---|---|---|
| 020 | _a0471283045 (pbk. : alk. paper) | ||
| 050 | 0 | 0 |
_aHF5679 _b.M62 1999 |
| 100 | 1 | _aMoscove, Stephen A. | |
| 245 | 1 | 0 |
_aCore concepts of accounting information systems / _cStephen A. Moscove, Mark G. Simkin, Nancy A. Bagranoff. |
| 250 | _a6th ed. | ||
| 260 |
_aNew York : _bJohn Wiley, _cc1999. |
||
| 300 | _aviii, 488 p. : | ||
| 650 | 0 | _xData processing. | |
| 650 | 0 | _xAccounting. | |
| 700 | 1 | _aSimkin, Mark G. | |
| 700 | 1 | _aBagranoff, Nancy A. | |
| 856 | 4 | _uhttp://www.loc.gov/catdir/toc/onix02/98041571.html | |
| 856 | 4 | 2 | _uhttp://www.loc.gov/catdir/enhancements/fy0706/98041571-d.html |
| 942 |
_2lcc _cGEN |
||
| 999 |
_c5550 _d5550 |
||